Zoología general : estudios elementales
Gespeichert in:
| 1. Verfasser: | |
|---|---|
| Format: | keine Angabe |
| Sprache: | Spanisch |
| Erschienen: |
Madrid
Librería y casa editorial de Victoriano Súarez
1899-1912
|
| Katalog: | MANES: Suchergebnis im Bibliothekskatalog |
| Schulbuchspezifische Eigenschaften: |
|
| Tags: |
Tag hinzufügen
Keine Tags, Fügen Sie den ersten Tag hinzu!
|
| Hinzugefügt zu: | 26.04.2016 |
| Geändert in: | 30.01.2026 |
MARC
| LEADER | 000000000a22000000004500 | ||
|---|---|---|---|
| 001 | 34345 | ||
| 003 | OSt | ||
| 005 | 20260130082942.0 | ||
| 008 | 160427s sp ||||| |||| 00| 0 spa d | ||
| 040 | |a manes |c manes | ||
| 041 | |a Español | ||
| 100 | 1 | |a Segovia y Corrales, Alberto |9 19833 | |
| 245 | 0 | 0 | |a Zoología general : estudios elementales |
| 260 | 3 | |a Madrid |b Librería y casa editorial de Victoriano Súarez |c 1899-1912 | |
| 300 | |a 3 v. (XXIII, 450 p. ; 590 p. ; 974 p.) |c 20 cm | ||
| 500 | |a Las il. son grabados intercalados a lo largo del texto. |a Signatura Topográfica: 681. Enc. hol. Falto de portada. | ||
| 690 | |a CN | ||
| 691 | 0 | |a SE | |
| 942 | |2 ddc |c BK | ||
| 546 | |a España | ||
| 999 | |c 41307 |d 41307 | ||
| 999 | |c manes:41307 |d 41307 | ||